La historia de hoy___ a la mexicana /

Salvato in:
Dettagli Bibliografici
Autore principale: Borbolla, Oscar de la (autor)
Altri autori: Ramos Padilla, Carlos G. (presentación) (presentación)
Natura: Libro
Lingua:spagnolo
Pubblicazione: México : Planeta, 1996, c1996
Serie:(México Vivo)
Soggetti:
Tags: Aggiungi Tag
Nessun Tag, puoi essere il primo ad aggiungerne!!

MARC

LEADER 00000nam^a2200000^a^4500
001 000186614
005 20250718092858.0
009 20260310102233.236
020 |a 968-406-670-8 
037 |a Acervo ITESO - Biblioteca 
041 |a ESP 
082 |a 320. 97263  |b BOR 
100 |a Borbolla, Oscar de la  |e (autor) 
245 1 3 |a La historia de hoy___ a la mexicana /  |c O. de la Borbolla ; presen. de C.G. Ramos Padilla. 
264 4 |a México :  |b Planeta,  |c 1996, c1996 
300 |a 173 p. 
336 |a texto  |b txt  |2 rdacontenido 
337 |a sin mediación  |b n  |2 rdamedio 
338 |a volumen  |b nc  |2 rdasoporte 
440 1 |a (México Vivo) 
545 0 |a Oscar de la Borbolla es un escritor y filósofo mexicano, nacido en la Ciudad de México en 1949. Doctor en filosofía por la Universidad Complutense de Madrid, ha sido profesor en la UNAM y en la Sociedad General de Escritores de México, además de guionista para radio, conferencista, tallerista y asesor en la Secretaría de Educación Pública. Como escritor, de la Borbolla lleva su interés por la filosofía y la ciencia al plano literario, dando como resultado una narrativa poco ortodoxa en la que aborda, por un lado, erotismo y humor, y por otro lado la incertidumbre de realidades posibles y problemas humanos. Es autor de obras de periodismo de ficción como Ucronías (1989), La ciencia imaginaria (1996) e Instrucciones para destruir la realidad (2003). En cuento, sus títulos más destacados son Las vocales malditas (1988), El amor es de clase (1994) y La madre del Metro y otros cuentos (2020). En novela destacan Nada es para tanto (1991), Todo está permitido (1994) y El futuro no será de nadie (2011). Otros títulos de la Borbolla son los ensayos Filosofía para inconformes (1996), La rebeldía de pensar (2007), y la obra epistolar de ficción La historia de hoy a la... mexicana (1996). 
649 |a XX 
650 |a Política -  |z Haití -  |x Historia -  |y 1990-1994 
650 |a Política -  |z México -  |x Historia -  |y 1988-1994 
650 |a Política -  |z México -  |x Historia -  |y 1994-2000 
650 |a Política -  |z México -  |x Historia -  |y Siglo XX 
650 |a Política Internacional -  |x Historia -  |y Siglo XX 
650 |a México -  |x Condiciones Políticas 
650 |a Mahfuz, Naguib 
650 |a Cédras, Raoul 
650 |a Barreda Solórzano, Luis de la 
650 |a Aguilera, Manuel 
650 |a Velázquez, Fidel 
650 |a Aburto Martínez, Mario 
650 |a Cabal Peniche, Carlos 
650 |a Ribeyro, Julio Ramón 
650 |a Zedillo Ponce de León, Ernesto 
650 |a Bornior, David 
650 |a Barragán Moctezuma, Blanca María S. 
650 |a Rubin, Robert 
650 |a Velázquez, Fidel 
650 |a Narro Robles, José 
650 |a Escalante, Beatriz 
600 |a Subcomandante Marcos 
600 |a Palillo 
600 |a Voltaire 
600 |a Cioran, E.M. 
700 |a Ramos Padilla, Carlos G.  |e (presentación) 
910 |a Fondo General 
920 |a Impresos - Libros 
930 |a Colección General 
905 |a 101 
901 |a 0500128387  |b IT1  |c ACC  |u 20250521 
902 |a https://opac.biblio.iteso.mx/vufind/Record/000186614